000 00532 a2200157 4500
020 _a9780545035774 (pbk.)
020 _a0545035775 (pbk.)
041 _aspa
100 _aGuy, Ginger Foglesong.
245 _aSiesta / by Ginger Foglesong Guy ; pictures by Rene King Moreno.
260 _aNew York : Scholastic Inc., c2005
300 _a1 volume (unpaged) : color illustrations ;
_c21 x 26 cm
500 _aText in English and Spanish. Bilingue Target Audience: Preschool-K; 1-2
700 1 0 _aMoreno, Rene King
942 _cBK
999 _c10359
_d10359